NFL Players Nicknames - Statistics

General Stats
  • This quiz has been taken 1,331 times
  • The average score is 20 of 34
Answer Stats
Hint Answer % Correct
GOAT Tom Brady
94%
T.O. Terrell Owens
90%
Beast Mode Marshawn Lynch
87%
Fitzmagic Ryan Fitzpatrick
87%
Prime Time Deion Sanders
86%
MegaTron Calvin Johnson
85%
Bam Bam Kam Kam Chancellor
84%
King Henry Derrick Henry
82%
Joe Cool Joe Montana
81%
The Bus Jerome Bettis
80%
Mean Joe Joe Greene
80%
Night Train Dick Lane
76%
Sweetness Walter Payton
74%
CJ2K Chris Johnson
73%
Honeybadger Tyrann Matthieu
73%
The Nigerian Nightmare Christian Okoye
72%
The Refrigerator William Perry
71%
Too Tall Ed Jones
65%
Broadway Joe Joe Namath
62%
All Day Adrian Peterson
55%
The Minister of Defense Reggie White
55%
The Sheriff Peyton Manning
50%
Legatron Greg Zuerlein
40%
Cadillac Carnell Williams
32%
Deacon David Jones
31%
Runningback Lamar Jackson
31%
Iron Mike Ditka
30%
Muscle Hampster Doug Martin
29%
Ickey Albert Woods
28%
Slinging Sammy Baugh
25%
The Freak Jevon Kearse
22%
Crazylegs Elroy Hirsch
21%
The Snake Kenny Stabler
21%
Big Game Torry Holt
15%
No matching quizzes found
Score Distribution
Percent of People with Each Score
Percentile by Number Answered
Your Score History
You have not taken this quiz